00392nam a2200145Ia 4500008004100000020001500041041001200056082001600068100002000084245006200104260003900166300000900205650001600214700001600230221030s9999 xx 000 0 und d a007120413X aEnglish a105.23bSil aA. Silberschatz 0aDatabase system conceptscby A. Silberschatz, H. F. Korth bMcGraw Hill Pub.aNew Delhic2002 a1065 aBE Computer aH. F. Korth